Couvertures Albums Michael Jackson - Statistiques

Statistiques générales
  • Ce quiz a été pris 408 fois
  • Le résultat moyen est 7 sur 9
Statistiques - réponses
Par images Réponse % Correct
Bad
98%
Thriller
96%
Dangerous
94%
Off the Wall
89%
HIStory
81%
Invincible
78%
Xscape
78%
Blood on the Dance Floor
69%
Michael
56%
Aucun quiz correspondant
Distribution des résultats
% des personnes avec chaque résultat
Percentile par nombre de réponses
Votre historique - résultats
Vous n’avez pas pris ce quiz